| 000 | 00609 a2200181 4500 | ||
|---|---|---|---|
| 999 |
_c4925 _d4925 |
||
| 010 | _aENG-86667 | ||
| 020 |
_c340.00 _a8125030808 |
||
| 035 | _aEN-70200 | ||
| 037 | _bDBAD / PUB | ||
| 082 | 1 | 4 | _a616.07548 |
| 100 | 1 | _aRanganathan, P | |
| 245 | 1 |
_aMagnetic resonance imaging and spectroscopy in medicine : _cby P. Raghunathan _bconcepts and techniques / |
|
| 260 |
_aChennai _bOrient Longman _c2007 |
||
| 270 |
_a160 Anna Salai _bChennai _e600 002 _mchegeneral@orientlongman.com |
||
| 300 |
_axvi,244 p _c24 cm (Pbk) _bill |
||
| 500 | _aIncludes index | ||
| 942 |
_adpl _cEN _2ddc _h616.07548 _mRAG |
||